| 000 | 01388cam a2200361 a 4500 | ||
|---|---|---|---|
| 999 |
_c534007 _d534007 |
||
| 001 | 14478589 | ||
| 003 | Nust | ||
| 005 | 20200128123144.0 | ||
| 008 | 060802s2007 nyu 000 1 eng | ||
| 010 | _a 2006025431 | ||
| 020 | _a9780749938079 | ||
| 035 | _a(OCoLC)ocm71004053 | ||
| 035 | _a(OCoLC)71004053 | ||
| 038 | _aMSOHAIL | ||
| 040 |
_aDLC _cDLC _dBAKER _dOCLCQ _dJBF _dC#P _dVP@ _dYDXCP _dIXA _dBTCTA _dDLC |
||
| 043 | _an-us-ny | ||
| 050 | 0 | 0 |
_aPS3568.O243 _bI56 2007 |
| 082 | 0 | 0 |
_a813.54 _bROB |
| 100 | 1 |
_aRobb, J. D., _d1950- _911420 |
|
| 245 | 1 | 0 |
_aInnocent in death / _cJ.D. Robb. |
| 260 |
_aNew York : _bG.P. Putnam's Sons, _c2007. |
||
| 300 |
_a385 p. ; _c24 cm. |
||
| 650 | 0 |
_aDallas, Eve (Fictitious character) _vFiction. _911421 |
|
| 650 | 0 |
_aPolice _zNew York (State) _zNew York _vFiction. _911422 |
|
| 650 | 0 |
_aTeachers _vFiction. _928107 |
|
| 651 | 0 |
_aNew York (N.Y.) _vFiction. _94634 |
|
| 655 | 7 |
_aMystery fiction. _2gsafd _95621 |
|
| 856 | 4 | 2 |
_3Contributor biographical information _uhttp://www.loc.gov/catdir/enhancements/fy0717/2006025431-b.html |
| 856 | 4 | 2 |
_3Publisher description _uhttp://www.loc.gov/catdir/enhancements/fy0717/2006025431-d.html |
| 906 |
_a7 _bcbc _corignew _d1 _eecip _f20 _gy-gencatlg |
||
| 942 |
_2ddc _cBK |
||